MARC

LEADER 00000nam0a2200000 4500
001 50630
005 20231031033334.0
010 |a 5941572719 
035 |a (RuTPU)RU\TPU\book\53010 
090 |a 50630 
100 |a 20030418d2003 m y0rusy50 ca 
101 0 |a rus 
102 |a RU 
105 |a a j 001zy 
200 1 |a  Delphi 7 Studio  |e Самоучитель  |f В. А. Понамарев 
210 |a СПб.  |c БХВ-Петербург  |d 2003 
215 |a 502 с.  |c ил. 
225 1 |a Самоучитель 
320 |a Библиогр.: с. 495-502 
610 1 |a информатика 
610 1 |a языки программирования 
610 1 |a среда разработки 
610 1 |a Delphi 
610 1 |a Delphi 7 Studio 
610 1 |a компоненты 
610 1 |a интерфейсы 
610 1 |a базы данных 
610 1 |a SQL 
610 1 |a Web-приложения 
610 1 |a разработка 
610 1 |a межплатформенные приложения 
610 1 |a Windows 
610 1 |a Linux 
610 1 |a самоучители 
610 1 |a учебные пособия 
675 |a 681.3.066(07)  |v 3 
700 1 |a Понамарев  |b В. А.  |g Вячеслав А. 
801 1 |a RU  |b 63413507  |c 20030418  |g PSBO 
801 2 |a RU  |b 63413507  |c 20210614  |g PSBO 
942 |c BK